000 00393nam a2200145Ia 4500
008 231129s2011||||xx |||||||||||||| ||spa||
020 _aISBN: 978-84-494-405
040 _bspa
082 _a(i) 641.5622 Ch436r
100 _aChalela Adriana
245 0 _aRepugnante y nutritiva: recetario
260 _c2011
264 _aOcéano Travesia
942 _2ddc
_cBKS
999 _c24001
_d24001